000 00514nam a2200217Ia 4500
008 160418s9999 xx 000 0 und d
020 _a971-8994-58-0
050 _aFIL M 1389
050 _b.M87
245 _aMusic of yesteryears :
245 _borgan, voice, guitar /
260 _aManila :
260 _bSound Pub. Corp.,
300 _a344 pages :
300 _billustrations ;
300 _c30 cm.
650 _aGuitar.
650 _aMusic.
650 _xMusic -- Chords.
650 _xOrgan.
999 _c293352
_d293352